| 000 | 01350nam a2200337Ia 4500 | ||
|---|---|---|---|
| 001 | Para_9197 | ||
| 003 | CHAP | ||
| 005 | 20220816145156.0 | ||
| 008 | 220125s2006 xx 000 0 und d | ||
| 010 | _a207914 | ||
| 040 | _cCHAP | ||
| 090 | _aPA TESIS 2004 | ||
| 100 |
_aReyes Pérez Martínez, Miguel Angel _996943 |
||
| 245 |
_aInóculo y manejo químico de la pudrición de raíz y cuello (Phytophthora capsici Leo.) en los cultivos de pepino (Cucurmis sativus L.) var. turbo y calabacita (Cucirbita pepo L.) var. grey zucchini, en invernadero / _c por Miguel Angel Reyes Pérez Martínez |
||
| 260 |
_aChapingo, Méx. : _b el autor |
||
| 300 | _a71 h + Apénd, Anexos | ||
| 502 | _aTesis (Ing. Agr. Esp. en Parasitología Agrícola) -- UACh. Departamento Parasitología Agrícola | ||
| 650 |
_aCalabaza _x enfermedades _917269 |
||
| 650 |
_aCultivos en invernadero _930376 |
||
| 650 |
_aFungicidas _x análisis _944045 |
||
| 650 |
_aHongos fitopatógenos _956132 |
||
| 650 |
_aPepino _x enfermedades por hongos _986905 |
||
| 650 |
_aPhytophthora capsici _987920 |
||
| 710 |
_aUACh. Departamento Parasitología Agrícola _9164025 |
||
| 901 | _aPA TESIS 2004 | ||
| 902 | _aM | ||
| 905 | _a0000002006 mna 0000000000 00 | ||
| 910 | _a2006 | ||
| 942 |
_cPARA _2local |
||
| 942 |
_2local _cPARA |
||
| 999 |
_c207914 _d207914 |
||